=LDR 00000nam 2200000 4500 =001 INLIS000000000036031 =005 20130612141834 =008 ***********************************ind** =035 ##$$0010-061300000036031 =041 ##$$a ind =082 ##$$a F.Rum k =090 ##$$a F.Rum k, Mah p =100 ##$$a Maharani =245 ##$$a Its Was a hot, sunny day Priki felt very hot so she went to the river =260 ##$$a 2008 $b Jakarta =300 ##$$a ilus, 20 cm =650 ##$$a Fiksi Kanak-kanak =850 ##$$a NBPNMAT